000 00309nam a2200133Ia 4500
003 OSt
005 20240106111551.0
008 170523s9999 xx 000 0 und d
020 _a9788131203699
040 _cIIMT UNIVERSITY
100 _aDAS- S
245 2 _aA Concise text book of Surgery
942 _2ddc
_c02
999 _c10792
_d10792